| 000 | 00946cam a2200265 a 4500 | ||
|---|---|---|---|
| 001 | 000009068 | ||
| 005 | 20241009115416.0 | ||
| 008 | 750108s1992 mx 001 j spa | ||
| 020 | _a9681902599 | ||
| 040 |
_aDO-SdBNP _cOTU _dDLC |
||
| 082 |
_aA863.42 _bC827hi |
||
| 100 | 1 |
_aCortázar, Julio, _d1914-1984 _910688 |
|
| 245 | 1 | 0 |
_aHistorias de cronopios y de famas / _cJulío Cortázar. |
| 260 |
_aMéxico D. F. : _bAlfaguara, _c1992. |
||
| 300 |
_a141 p. ; _c20 cm. |
||
| 490 | 1 |
_aAlfaguara literaturas _v115 |
|
| 500 | _aEl ejemplar 1 es la cuarta reimpresión de la primera edición en abril del año 1997. | ||
| 500 | _aEl ejemplar 2 es la novena reimpresión de la primera edición en junio del año 2000. | ||
| 650 | 4 |
_aCuentos argentinos _93752 |
|
| 650 | 4 |
_aVida cotidiana _xCuentos _916877 |
|
| 650 | 0 |
_aLiteratura _93439 |
|
| 830 | 0 |
_aAlfaguara literaturas ; _v115. _99775 |
|
| 910 | _aCatalogación por copia / LC | ||
| 049 | _aBNGR | ||
| 999 |
_c8832 _d8832 |
||